000 00212 a2200097 4500
001 52983
100 _aAhmad A
245 _aNationalism or Islam
260 _aNew York
_bVantage Press
_c
090 _c33309
_d33309
942 _aNUST-CAE
_cM
_c25902
999 _c288056
_d288056